000 00693cam a2200241 a 4500
001 26528
003 BD-RjUL
005 20211209051029.0
008 140322s1983 ii b 001 0 eng
035 _a(BD-RjUL)26598
040 _aDLC
_cDLC
_dDLC
_dBD-RjUL
_beng
041 _aeng
082 0 0 _a954.025
_219
_bAGS 1983
100 1 _aAgrawal, Ashvini.
_981604
245 1 0 _aStudies in Mughal history /
_cAshvini Agrawal.
260 _aDelhi :
_bMotilal Banarsidass,
_c1983.
300 _ax, 227 p. ;
_c22 cm.
504 _aIncludes Bibliography: p. [205]-207 and index.
651 0 _aMogul Empire
_xHistory.
_919831
942 _2ddc
_cBK
999 _c26528
_d26528